140 tips pendidikan anak bersikap positif menurut rasulullah saw (Record no. 85913)

MARC details
000 -LEADER
fixed length control field 00707nam a2200241 i 4500
001 - CONTROL NUMBER
control field C2-0279223
003 - CONTROL NUMBER IDENTIFIER
control field PPAK
005 - DATE AND TIME OF LATEST TRANSACTION
control field 20180728010519.0
008 - FIXED-LENGTH DATA ELEMENTS--GENERAL INFORMATION
fixed length control field 070423s2004 my |||| ||||| | may d
020 ## - INTERNATIONAL STANDARD BOOK NUMBER
International Standard Book Number 9833128637
040 ## - CATALOGING SOURCE
Original cataloging agency PPAK
Language of cataloging eng
Transcribing agency PPAK
Description conventions rda
082 04 - DEWEY DECIMAL CLASSIFICATION NUMBER
Classification number 297.44
Edition number 23
090 00 - LOCALLY ASSIGNED LC-TYPE CALL NUMBER (OCLC); LOCAL CALL NUMBER (RLIN)
Classification number (OCLC) (R) ; Classification number, CALL (RLIN) (NR) 297.44
Feature heading HUS
Feature heading G
100 0# - MAIN ENTRY--PERSONAL NAME
Personal name Husain Muhammad Haikal,
Relator term author
245 10 - TITLE STATEMENT
Title 140 tips pendidikan anak bersikap positif menurut rasulullah saw
264 #1 - PRODUCTION, PUBLICATION, DISTRIBUTION, MANUFACTURE, AND COPYRIGHT NOTICE
Place of production, publication, distribution, manufacture Kuala Lumpur :
Name of producer, publisher, distributor, manufacturer Jasmin Enterprise ,
Date of production, publication, distribution, manufacture, or copyright notice 2004
300 ## - PHYSICAL DESCRIPTION
Extent xv, 216 pages ;
Dimensions 21 cm
336 ## - CONTENT TYPE
Source rdacontent
Content type term text
337 ## - MEDIA TYPE
Source rdamedia
Media type term unmediated
338 ## - CARRIER TYPE
Source rdacarrier
Carrier type term volume
650 10 - SUBJECT ADDED ENTRY--TOPICAL TERM
Topical term or geographic name entry element Muslim children - Conduct of life.
942 ## - ADDED ENTRY ELEMENTS (KOHA)
-- dc
Koha item type Book
Holdings
Withdrawn Not for loan Current library Shelving location Date acquired Total Checkouts Total Renewals Full call number Barcode Date last seen Date last checked out Koha item type
    Perpustakaan Alor Setar Pinjaman Dewasa 22/07/2007 5 4 297.44 HUS A01182584 26/03/2025 20/03/2025 Book
    Perpustakaan Awam Sungai Petani Pinjaman Dewasa 22/07/2007 1   297.44 HUS A01182585 24/07/2022 03/07/2022 Book
    Perpustakaan Baling Pinjaman Dewasa 22/07/2007     297.44 HUS A01182591 09/05/2018   Book
    Perpustakaan Bandar Baharu Pinjaman Dewasa 22/07/2007     297.44 HUS A01182592 09/05/2018   Book
    Perpustakaan Jitra Pinjaman Dewasa 22/07/2007     297.44 HUS A01182586 09/05/2018   Book
    Perpustakaan Kulim Pinjaman Dewasa 22/07/2007     297.44 HUS A01182588 09/05/2018   Book
    Perpustakaan Langkawi Pinjaman Dewasa 22/07/2007     297.44 HUS A01182587 09/05/2018   Book
    Perpustakaan Sik Pinjaman Dewasa 22/07/2007     297.44 HUS A01182590 09/05/2018   Book
    Perpustakaan Yan Pinjaman Dewasa 22/07/2007     297.44 HUS A01182589 09/05/2018   Book
    Bergerak 4, Sungai Petani Pinjaman Dewasa 22/07/2007     297.44 HUS A01182594 09/05/2018   Book